Catálogo Biblioteca Central

Trumpismo y reconfiguración global : (Registro nro. 232388)

Detalles MARC
000 -CABECERA
campo de control de longitud fija 00376nam a22001217a 4500
001 - NÚMERO DE CONTROL
campo de control 232388
003 - IDENTIFICADOR DEL NÚMERO DE CONTROL
campo de control ES-MaBCM
020 ## - NÚMERO INTERNACIONAL NORMALIZADO PARA LIBROS(ISBN)
Número Internacional Normalizado para Libros (ISBN) 978-84-10432-36-9
040 ## - FUENTE DE LA CATALOGACIÓN
Centro transcriptor ES-MaBCM
245 ## - MENCIÓN DE TÍTULO
Título Trumpismo y reconfiguración global :
Resto del título El tortuoso camino hacia un nuevo orden mundial
Mención de responsabilidad etc. José Antonio Gurpegui Palacios
260 ## - PUBLICACIÓN, DISTRIBUCIÓN, ETC. (PIE DE IMPRENTA)
Lugar de publicación distribución etc. Alcalá de Henares
Nombre del editor distribuidor etc. Universidad de Alcalá
Fecha de publicación distribución etc. 2026
942 ## - ELEMENTOS DE PUNTO DE ACCESO ADICIONAL (KOHA)
Tipo de ítem Koha Libros
Existencias
Estado de retiro Estado de pérdida Fuente del sistema de clasificación o colocación Estado dañado No para préstamo Localización permanente Ubicación/localización actual Ubicación en estantería Fecha de adquisición Fuente de adquisición Total de préstamos Signatura topográfica completa Código de barras Fecha visto por última vez Precio válido a partir de Tipo de ítem Koha
    Universal Decimal Classification     Biblioteca Central del Ministerio de la Presidencia Biblioteca Central del Ministerio de la Presidencia Sala 24/03/2026 Compra   64027 1077113 24/03/2026 24/03/2026 Libros